Transport. (Record no. 112283)
[ view plain ]
| 000 -LEADER | |
|---|---|
| fixed length control field | 00303nam a2200133 a 4500 |
| 001 - CONTROL NUMBER | |
| control field | 4144 |
| 005 - DATE AND TIME OF LATEST TRANSACTION | |
| control field | 20140414131932.0 |
| 008 - FIXED-LENGTH DATA ELEMENTS--GENERAL INFORMATION | |
| fixed length control field | 090317s19uu xx 00 eng d |
| 050 ## - LIBRARY OF CONGRESS CALL NUMBER | |
| Classification number | REF 388 |
| Item number | H14 2002 |
| 100 ## - MAIN ENTRY--PERSONAL NAME | |
| Personal name | Hall, Margaret |
| 245 ## - TITLE STATEMENT | |
| Title | Transport. |
| 440 ## - SERIES STATEMENT/ADDED ENTRY--TITLE | |
| Title | Around the world |
| Withdrawn status | Lost status | Damaged status | Home library | Current library | Shelving location | Date acquired | Total Checkouts | Full call number | Barcode | Date last seen | Price effective from | Koha item type |
|---|---|---|---|---|---|---|---|---|---|---|---|---|
| Munich Library | Munich Library | Reference Section | 03/17/2009 | REF 388 H14 2002 | M3517 | 04/14/2014 | 04/14/2014 | Books |